000 00317nam a2200133Ia 4500
008 150201s2014 xx 000 0 und d
082 _a617.5
_bM1996H
100 _aHOWE ,GEOFFREY.L
245 _aMINOR ORALSURGERY
250 _a3RD
260 _bVARGHESE PUBLICATION
650 _aORAL SURGERY
942 _2ddc
_cBK
_018
999 _c4832
_d4832